| 000 | 00656nam a2200241Ia 4500 | ||
|---|---|---|---|
| 005 | 20251020182511.0 | ||
| 008 | 200515s9999 xx 000 0 und d | ||
| 020 | _a978-612-304-518-0 | ||
| 082 | _a65.919/C26/2017 | ||
| 100 | _aCarranza Zavala, Óscar | ||
| 245 | 0 | _aAutocad 2017 | |
| 250 | _a1a ed. | ||
| 260 | _aLima | ||
| 260 | _bMacro E.I.R.L. | ||
| 260 | _c2017 | ||
| 300 | _a495 p. | ||
| 300 | _bil., tbl., graf. | ||
| 500 | _a1 ejemplar | ||
| 520 | _aPermite conocer ampliamenter las nuevas mejoras, funciones y herramientas de Autocad a través de su versión más reciente. | ||
| 650 | _aAUTOCAD | ||
| 942 | _cLIB | ||
| 999 |
_c1432 _d1432 |
||